000 01066nam a2200277Ia 4500
003 OSt
005 20220923211104.0
006 a|||||r|||| 00| 0
007 ta
008 220922b |||||||| |||| 00| 0 hin d
020 _a8179170632 (hbk)
_c325
024 _a284,258
037 _b28, 02/02/2015, P. K. Books
_cTextual
040 _aARTS
_cARTS
_bhin
041 _2hin
_ahin
082 _aO157,6M61x, 152Q3
100 _aरवींद्रनाथ ठाकुर
_9156268
245 0 _aरवींद्रनाथ का शिक्षादर्शन
246 _aRavīandranāth kā shikṣhādarshana
260 _aदिल्ली
_b ग्रंथ शिल्पी
_c2013
300 _a151पृ.
_ccm.
490 _aशिक्षाशास्त्र के नए क्षितिज
650 _aबंगाली साहित्य
_9156264
942 _hO157,6M61x, 152Q3
_cTEXL
_2CC
999 _c295075
_d295075